Improve your written english : master the essentials of grammar, punctuation and spelling and write with greater confidence (Record no. 179556)

MARC details
000 -LEADER
fixed length control field 00540nam a2200157Ia 4500
008 - FIXED-LENGTH DATA ELEMENTS--GENERAL INFORMATION
fixed length control field 231217s9999 xx 000 0 und d
041 ## - LANGUAGE CODE
Language code of text/sound track or separate title English
082 ## - DEWEY DECIMAL CLASSIFICATION NUMBER
Classification number 423 FIE;1 R
100 ## - MAIN ENTRY--PERSONAL NAME
Personal name Field, Marion
245 #0 - TITLE STATEMENT
Title Improve your written english : master the essentials of grammar, punctuation and spelling and write with greater confidence
250 ## - EDITION STATEMENT
Edition statement 4th ed.
260 ## - PUBLICATION, DISTRIBUTION, ETC.
Date of publication, distribution, etc. 2005
Name of publisher, distributor, etc. Jaico
Place of publication, distribution, etc. Mumbai
300 ## - PHYSICAL DESCRIPTION
Extent 185
650 ## - SUBJECT ADDED ENTRY--TOPICAL TERM
Topical term or geographic name entry element Improve,written,:,master,essentials,grammar,,punctuation,spelling,write,greater,confidence
942 ## - ADDED ENTRY ELEMENTS (KOHA)
Koha item type Books
Holdings
Date last seen Total checkouts Full call number Accession number Cost, total (INR) price Price effective from Category Lost status Damaged status Department Withdrawn status Home library Current library Shelving location Entry date Vendor Cost, normal purchase price Grants Billnumber Billdate Currency symbol Conversion rate Discount Old discount
26/01/2024   423 FIE;1 R 46331 120.00 26/01/2024 Books     Central Library   Central Library Central Library Central Library 12/10/2007 Sai Books 150.00 GEN 81 28/11/2008 RS 1 30 20

© For any Suggestions or Query, please contact the library staff @ librarian@pes.edu or Phone: +9180 2672 1983/ 2108.